000 01920cam a2200229 4500
001 ##L135278
008 061010n2006 000 0 eng u
035 _a(Sirsi) u135278
041 0 _aeng
050 0 4 _a332.6324 $2 18
110 2 _aParagon Mortgages
_94976
245 0 0 _aParagon Mortgages buy-to-let index
_bAugust 2006
260 _aSolihull
_bParagon Mortgages
_c2006
490 0 _aParagon Mortgages Buy-to-Let Index
_vAugust 2006
505 0 _aHighlights -- Averages -- Rental yield average for England and Wales -- Property value and rental income average for England and Wales -- Landlord property value, rental value, yield and percentage change by region -- Landlord property yields by region -- Landlord property values by region -- Landlord rental incomes by region -- Landlord property value, rental value, yield and percentage change by property type
520 _aYields remained stable in July at 6.04% and were highest in East Midlands (6.60%), Wales (6.41%) and northwest England (6.37%). Property values fell slightly by £776 or 0.45% as the market marks a seasonal slowdown but remain 4.7% higher than three months ago. Rental incomes eased by a similar percentage (0.39%) in the month to July. Over the past quarter, rents have risen by almost 2.8%. Nine regions out of 10 have seen a rise in rents this quarter, led by East Anglia, northern England, Greater London and the East Midlands. In July East Anglia heads the table in terms of overall returns. The total return on a typical property in East Anglia bought 12 months ago was 34.06%, ahead of Greater London at 28.53%. Tables and graphs.
650 2 4 _aPARAGON MORTGAGES BUY-TO-LET INDEX
651 4 _aEngland and Wales
_y1543-
690 _aPROPERTY-RESIDENTIAL PROPERTY-RESIDENTIAL PROPERTY MARKET
856 4 0 _uhttps://www.paragon-mortgages.co.uk/
_zView the index free of charge at www.paragon-mortgages.co.uk...
942 _n0
999 _c105979
_d105979